| 000 | 00619nas a2200217 4500 | ||
|---|---|---|---|
| 001 | BR9607678 | ||
| 003 | BR-BrBNA | ||
| 005 | 20231205094947.0 | ||
| 007 | ta | ||
| 008 | 230509b bl.|||p| |||| 00| 00por d | ||
| 040 |
_aBR-BrBNA _bpor _cBiblioteca Nacional de Agricultura |
||
| 041 | _a(Pt) | ||
| 072 | _aN10 | ||
| 100 | 1 | _aBueno, C.F.H. | |
| 245 | 1 | _aConstrucao de currais com cordoalha de aco zincado-5 | |
| 650 | _aCurral | ||
| 650 | _aInstalacao Agricola | ||
| 773 | 0 |
_tInformativo Coopercitrus (Brazil) _x _g(1994), v. 8(90) p. _wBR9607678 |
|
| 909 |
_a202311 _bLúcia _c55 _dLúcia Elande |
||
| 942 |
_2AGRIS _n0 _cANA |
||
| 999 |
_c147964 _d147964 |
||